Administración de recursos humanos
محفوظ في:
| المؤلفون الرئيسيون: | , |
|---|---|
| التنسيق: | كتاب |
| اللغة: | الإسبانية |
| منشور في: |
Ciudad de México
Pearson Educación
2010
|
| الطبعة: | 11a. ed |
| الموضوعات: | |
| الوسوم: |
إضافة وسم
لا توجد وسوم, كن أول من يضع وسما على هذه التسجيلة!
|
MARC
| LEADER | 00000cam a2200000 a 4500 | ||
|---|---|---|---|
| 001 | UCG4886 | ||
| 003 | CL-VaPUC | ||
| 005 | 20241119162044.0 | ||
| 008 | 101216e20100000MX |||||||||||||||||spa|d | ||
| 999 | |c 343486 |d 343484 | ||
| 020 | |a 9786073202039 | ||
| 040 | |c Pontificia Universidad Católica de Valparaíso | ||
| 082 | 0 | 4 | |a 658.3 |b MON |2 21 |
| 100 | |a Mondy, R. Wayne |e autor |9 554367 | ||
| 245 | 1 | 0 | |a Administración de recursos humanos |
| 250 | |a 11a. ed | ||
| 260 | |a Ciudad de México |b Pearson Educación |c 2010 | ||
| 300 | |a 491 p | ||
| 583 | |a last modification |c 20130827 06:28:53 |k Rodrigo Vera | ||
| 650 | 0 | |a Gestión de recursos humanos |9 879947 | |
| 650 | 0 | |a Selección de personal |9 307100 | |
| 650 | 0 | |a Seguridad en el empleo |9 893892 | |
| 650 | 0 | |a Relaciones interpersonales en el trabajo |2 CL-VaPUC |9 892435 | |
| 700 | 0 | |a Mondy, Judy Bandy |e author |9 554368 | |
| 942 | |c BK |2 ddc | ||
| 945 | |d 20101216 00:00:00 |a cmena | ||
| 952 | |0 0 |1 0 |4 0 |6 658_300000000000000_MON_2010 |7 0 |8 R |9 440818 |a BIBENE |b BIBENE |d 2019-11-22 |i 4742230 |o 658.3 MON 2010 |p 4742230 |r 2025-01-15 |w 2019-11-22 |y BK_R |k ICO | ||
| 952 | |0 0 |1 0 |3 erb |4 0 |6 658_300000000000000_MON_2010 |7 0 |8 R |9 440819 |a BIBENE |b BIBENE |d 2019-11-22 |i 5004500 |l 1 |o 658.3 MON 2010 |p 5004500 |r 2025-01-15 |s 2024-11-07 |w 2019-11-22 |y BK_R |z Catalogado en:20130829 |k ICO | ||
| 952 | |0 0 |1 0 |3 erb |4 0 |6 658_300000000000000_MON_2010 |7 0 |8 R |9 440820 |a BIBENE |b BIBENE |d 2019-11-22 |i 5004519 |o 658.3 MON 2010 |p 5004519 |r 2025-01-15 |w 2019-11-22 |y BK_R |z Catalogado en:20130829 |k ICO | ||